000
00325nam a22001457a 4500
008
230622b ||||| |||| 00| 0 eng d
020
_a
9781607419761
041
_a
eng
080
_a
61
082
_a
61BRO
100
_a
7
101
_a
MJKS
245
_a
NEW DIRECTIONS IN AGING RESEARCH
_c
BROUGHAM.R.R
942
_2
udc
_c
BK
999
_c
60027
_d
60027